[Event "2021 FIDE Online Olympiad"]
[Site "Chess.com"]
[Date "2021.08.27"]
[Round "1.2"]
[White "Greet, Andrew N"]
[Black "Pokotaiev, Vladyslav"]
[Result "1-0"]
[WhiteElo "2434"]
[BlackElo "1849"]
[PlyCount "47"]
[EventDate "2021.08.27"]
[EventType "team"]
[EventRounds "9"]
[WhiteTeam "Scotland"]
[BlackTeam "ICCD"]
[WhiteTeamCountry "SCO"]

1. e4 c6 2. d4 d5 3. exd5 cxd5 4. Nf3 Nc6 5. Bb5 e6 6. Ne5 Qb6 7. c4 Nf6 8. Nc3
Be7 9. c5 Qc7 10. Bf4 Bd7 11. Bxc6 bxc6 12. Ng6 Qb7 13. Nxh8 Qxb2 14. Qc1 Qb4
15. Qd2 Kf8 16. O-O Kg8 17. Rab1 Qa5 18. Nxd5 Qxd2 19. Nxe7+ Kf8 20. Bxd2 Kxe7
21. Bg5 Rxh8 22. Rb7 Ra8 23. Rfb1 Rd8 24. Rxa7 1-0

[Event "2021 FIDE Online Olympiad"]
[Site "Chess.com"]
[Date "2021.08.27"]
[Round "1.4"]
[White "Cooke, Suzie G."]
[Black "Malika, Handa"]
[Result "1/2-1/2"]
[WhiteElo "1915"]
[BlackElo "1345"]
[PlyCount "101"]
[EventDate "2021.08.27"]
[EventType "team"]
[EventRounds "9"]
[WhiteTeam "Scotland"]
[BlackTeam "ICCD"]
[WhiteTeamCountry "SCO"]

1. d4 g6 2. Bf4 Bg7 3. Nc3 Nf6 4. e4 d6 5. Qd2 Nbd7 6. O-O-O Nb6 7. Bh6 O-O 8.
Bxg7 Kxg7 9. Nf3 Bg4 10. Be2 Bxf3 11. Bxf3 e5 12. dxe5 dxe5 13. Qe2 Qe7 14. h4
h5 15. g4 Rh8 16. gxh5 Nxh5 17. Bxh5 Rxh5 18. Qg4 Rah8 19. Qg3 Rxh4 20. Rxh4
Rxh4 21. a3 c6 22. Kb1 Rf4 23. f3 Qh4 24. Qg2 Qf6 25. Rd3 Nc4 26. Ne2 Rxf3 27.
Rd7 Rf2 28. Qg4 Rf1+ 29. Ka2 Nd6 30. Qh3 Rf3 31. Qg4 Re3 32. Ng3 Kh6 33. Qh3+
Kg7 34. Rxd6 Qxd6 35. Nh5+ gxh5 36. Qxe3 Qe6+ 37. b3 a6 38. Qg3+ Kf8 39. Qg5
Qg6 40. Qxe5 Kg8 41. Qe8+ Kh7 42. Qe7 b5 43. Qe5 h4 44. Qf4 h3 45. Qh4+ Qh6 46.
Qf2 h2 47. Qxf7+ Qg7 48. Qh5+ Qh6 49. Qf7+ Qg7 50. Qh5+ Qh6 51. Qf7+ 1/2-1/2

[Event "2021 FIDE Online Olympiad"]
[Site "Chess.com"]
[Date "2021.08.27"]
[Round "1.5"]
[White "Piekielny, Pawel"]
[Black "Gordon, Frederick"]
[Result "0-1"]
[WhiteElo "1838"]
[BlackElo "1415"]
[PlyCount "158"]
[EventDate "2021.08.27"]
[EventType "team"]
[EventRounds "9"]
[WhiteTeam "ICCD"]
[BlackTeam "Scotland"]
[BlackTeamCountry "SCO"]

1. e4 c5 2. Nf3 g6 3. d4 cxd4 4. Qxd4 Nf6 5. e5 Nc6 6. Qa4 Nd5 7. Qb3 Nb6 8.
Bf4 Bg7 9. Nc3 O-O 10. O-O-O Qc7 11. Nb5 Qb8 12. Qe3 Na5 13. b3 a6 14. Nc3 Qc7
15. Rd3 Nc6 16. a3 Rd8 17. e6 d6 18. exf7+ Kxf7 19. Ng5+ Kg8 20. Ne6 Bxe6 21.
Qxe6+ Kh8 22. h4 Nd4 23. Qe1 e5 24. Be3 Rac8 25. h5 Qf7 26. hxg6 Qxg6 27. Rxd4
exd4 28. Bd3 Qxd3 29. cxd3 Rxc3+ 30. Kb1 dxe3 31. Qxe3 Rxb3+ 32. Kc2 Rb2+ 33.
Kc1 Rc8+ 34. Kd1 Rb1+ 35. Ke2 Rxh1 36. Qxb6 Re8+ 37. Kf3 Rd1 38. Qxd6 Rd2 39.
Qd7 Rf8+ 40. Kg3 Rdxf2 41. Qxb7 R2f6 42. Qd5 Rg6+ 43. Kh2 Bf6 44. g3 Rd8 45.
Qc4 Bg7 46. Qe4 Rgd6 47. Qc4 a5 48. Qb5 Bc3 49. a4 Rxd3 50. Qf5 R3d5 51. Qf3
Bg7 52. Qb3 Rg5 53. Kh3 Be5 54. g4 Rdg8 55. Qb5 Bf6 56. Qb6 Bg7 57. Kh4 Rg6 58.
Qxa5 Bf6+ 59. Kg3 Rxg4+ 60. Kf3 R4g7 61. Qd5 Rf8 62. Ke2 Re7+ 63. Kd3 Ra7 64.
Qb5 Rfa8 65. Qc6 Bg7 66. Ke2 Rxa4 67. Kf3 Rf8+ 68. Kg2 Rg4+ 69. Kh3 Rg6 70. Qe4
Rff6 71. Qe8+ Bf8 72. Qe5 h6 73. Kh4 Kh7 74. Qe4 Bd6 75. Kh5 Re6 76. Qb7+ Re7
77. Qb1 Re5+ 78. Kh4 Be7+ 79. Kh3 Rh5# 0-1

[Event "2021 FIDE Online Olympiad"]
[Site "Chess.com"]
[Date "2021.08.27"]
[Round "1.6"]
[White "Feng, Jennifer"]
[Black "Grybauskaite, Ugne"]
[Result "1-0"]
[WhiteElo "1097"]
[BlackElo "1000"]
[PlyCount "43"]
[EventDate "2021.08.27"]
[EventType "team"]
[EventRounds "9"]
[WhiteTeam "Scotland"]
[BlackTeam "ICCD"]
[WhiteTeamCountry "SCO"]

1. e4 e5 2. Nf3 Nc6 3. Bc4 f6 4. Nc3 a6 5. a3 d6 6. h3 h6 7. d3 Rb8 8. Nh4 Be7
9. Nd5 g5 10. Qh5+ Kd7 11. Qf7 Qf8 12. Qxf8 Bxf8 13. Ng6 Rh7 14. Nxf8+ Ke8 15.
Nxh7 Be6 16. Nxc7+ Kd7 17. Nxe6 b5 18. Ba2 h5 19. Nef8+ Ke7 20. Ng6+ Kd7 21.
Nhf8+ Ke8 22. Bxg8 1-0

[Event "2021 FIDE Online Olympiad"]
[Site "Chess.com"]
[Date "2021.08.27"]
[Round "2.1"]
[White "Aagaard, Jacob"]
[Black "Khaled.A, Hemaid"]
[Result "1-0"]
[WhiteElo "2502"]
[BlackElo "1928"]
[PlyCount "63"]
[EventDate "2021.08.27"]
[EventType "team"]
[EventRounds "9"]
[WhiteTeam "Scotland"]
[BlackTeam "Palestine"]
[WhiteTeamCountry "SCO"]
[BlackTeamCountry "PLE"]

1. c4 c5 2. Nf3 Nf6 3. e3 Nc6 4. d4 cxd4 5. exd4 d5 6. Nc3 e6 7. c5 Be7 8. Bb5
O-O 9. O-O Qc7 10. Re1 b6 11. Bxc6 Qxc6 12. Ne5 Qe8 13. b4 Bb7 14. Bf4 Rc8 15.
a4 a5 16. Nb5 axb4 17. cxb6 Nd7 18. Nc7 Qd8 19. a5 Nxe5 20. Bxe5 Bd6 21. Qa4
Rxc7 22. bxc7 Qxc7 23. Rec1 Qb8 24. Bxd6 Qxd6 25. Rc5 e5 26. Qxb4 exd4 27. Rb5
Qxb4 28. Rxb4 Ba6 29. Rxd4 Bc4 30. a6 Ra8 31. a7 g6 32. Rd2 1-0

[Event "2021 FIDE Online Olympiad"]
[Site "Chess.com"]
[Date "2021.08.27"]
[Round "2.2"]
[White "Alqwasma, Mohamed"]
[Black "Abdulla, Murad"]
[Result "0-1"]
[WhiteElo "1732"]
[BlackElo "2167"]
[PlyCount "90"]
[EventDate "2021.08.27"]
[EventType "team"]
[EventRounds "9"]
[WhiteTeam "Palestine"]
[BlackTeam "Scotland"]
[WhiteTeamCountry "PLE"]
[BlackTeamCountry "SCO"]

1. Nf3 c5 2. g3 g6 3. Bg2 Bg7 4. d3 Nc6 5. O-O d5 6. Nbd2 d4 7. e4 dxe3 8. fxe3
Nf6 9. e4 O-O 10. Nc4 b5 11. Ne3 Rb8 12. a3 h6 13. c3 Be6 14. Qe2 Na5 15. b4
Nb3 16. Rb1 a5 17. Nd2 Nxc1 18. Rbxc1 axb4 19. cxb4 cxb4 20. axb4 Qd4 21. Rb1
Ng4 22. Rf3 Ne5 23. Rff1 Qxd3 24. Qxd3 Nxd3 25. Nf3 Rfd8 26. Rfd1 Ba2 27. Nd5
Kf8 28. Bf1 Bxb1 29. Rxb1 Ne5 30. Nd4 e6 31. Nxe6+ fxe6 32. Nc7 Ke7 33. Nxb5
Nf3+ 34. Kf2 Nd2 35. Rc1 Nxf1 36. Rc7+ Rd7 37. Rc5 Nd2 38. Ke3 Nb3 39. Rc3 Bxc3
40. Nxc3 Rxb4 41. Na2 Rc4 42. h4 Nc5 43. e5 Rd3+ 44. Ke2 Rc2+ 45. Ke1 Rxa2 0-1

[Event "2021 FIDE Online Olympiad"]
[Site "Chess.com"]
[Date "2021.08.27"]
[Round "2.3"]
[White "Arakhamia-Grant, Ketevan"]
[Black "Taqwa, Hamouri"]
[Result "1-0"]
[WhiteElo "2282"]
[BlackElo "1116"]
[PlyCount "61"]
[EventDate "2021.08.27"]
[EventType "team"]
[EventRounds "9"]
[WhiteTeam "Scotland"]
[BlackTeam "Palestine"]
[WhiteTeamCountry "SCO"]
[BlackTeamCountry "PLE"]

1. e4 d6 2. d4 Nf6 3. Nc3 g6 4. Be3 c6 5. Qd2 Nbd7 6. f3 e5 7. Nge2 Bg7 8. Bh6
Bxh6 9. Qxh6 Qb6 10. O-O-O exd4 11. Nxd4 Ne5 12. Qg7 Rg8 13. Qxf6 Qc7 14. h4 h5
15. Be2 a6 16. f4 Nd7 17. Qg5 f6 18. Qg3 Nc5 19. Bxh5 Kf7 20. Be2 b5 21. Qe3
Re8 22. h5 Bf5 23. hxg6+ Bxg6 24. f5 Rh8 25. fxg6+ Kxg6 26. Qg3+ Kf7 27. Nf5
Rag8 28. Rxh8 Rxh8 29. Qg7+ Ke6 30. Qxc7 Rh2 31. Qe7# 1-0

[Event "2021 FIDE Online Olympiad"]
[Site "Chess.com"]
[Date "2021.08.27"]
[Round "2.5"]
[White "Sanger, Jake M"]
[Black "Mohamad, Seder"]
[Result "1-0"]
[WhiteElo "1640"]
[BlackElo "1699"]
[PlyCount "115"]
[EventDate "2021.08.27"]
[EventType "team"]
[EventRounds "9"]
[WhiteTeam "Scotland"]
[BlackTeam "Palestine"]
[WhiteTeamCountry "SCO"]
[BlackTeamCountry "PLE"]

1. d4 Nf6 2. Nf3 g6 3. c4 Bg7 4. Nc3 O-O 5. e4 d6 6. Be2 e5 7. O-O Nbd7 8. Be3
b6 9. Qc2 Bb7 10. b4 a5 11. a3 Qe7 12. d5 h6 13. Nd2 Nh7 14. Na4 f5 15. f3 f4
16. Bf2 Ndf6 17. c5 bxc5 18. bxc5 Nh5 19. cxd6 cxd6 20. Rab1 Bc8 21. Nb6 Rb8
22. Rfc1 Bd7 23. Qc7 Rfd8 24. Bb5 N7f6 25. Nxd7 Nxd7 26. Bxd7 Rxb1 27. Be6+ Kh7
28. Nxb1 Qg5 29. h4 Qf6 30. Qf7 Ng3 31. Bxg3 fxg3 32. Qxf6 Bxf6 33. Rc7+ Bg7
34. Rb7 Kh8 35. Nd2 Bf6 36. Nc4 Bxh4 37. Rc7 a4 38. Rc8 Kg7 39. Rxd8 Bxd8 40.
Bd7 Kf6 41. Bxa4 Kg5 42. Bc6 Kf4 43. a4 Bc7 44. a5 Bb8 45. Kf1 h5 46. a6 h4 47.
Bd7 Ba7 48. Nxd6 Ke3 49. Nc8 h3 50. Bxh3 g5 51. Nxa7 g4 52. Bxg4 Kf4 53. d6 Ke3
54. d7 Kf4 55. d8=Q Ke3 56. Ke1 Kf4 57. Nc8 Ke3 58. Qd2# 1-0

[Event "2021 FIDE Online Olympiad"]
[Site "Chess.com"]
[Date "2021.08.27"]
[Round "2.6"]
[White "Sawan, Eman"]
[Black "Tandon, Ashley"]
[Result "1/2-1/2"]
[WhiteElo "1000"]
[BlackElo "1000"]
[PlyCount "114"]
[EventDate "2021.08.27"]
[EventType "team"]
[EventRounds "9"]
[WhiteTeam "Palestine"]
[BlackTeam "Scotland"]
[WhiteTeamCountry "PLE"]
[BlackTeamCountry "SCO"]

1. e4 c6 2. d4 d5 3. exd5 cxd5 4. c4 Nf6 5. Nc3 Nc6 6. Nf3 g6 7. h3 Bg7 8. Be3
O-O 9. c5 b6 10. Bb5 Bb7 11. Bxc6 Bxc6 12. b4 bxc5 13. bxc5 e6 14. O-O Qc7 15.
Rb1 Rab8 16. Qc2 Nd7 17. Qd2 Rxb1 18. Rxb1 Rb8 19. Rxb8+ Qxb8 20. Bf4 Qb7 21.
a3 f6 22. Qe2 Kf7 23. Kh2 Qb3 24. Qa6 Qb7 25. Qxb7 Bxb7 26. Nb5 e5 27. Nd6+ Ke7
28. Nxb7 exf4 29. a4 f5 30. c6 Nf8 31. c7 Kd7 32. Nd6 Kxc7 33. Ne8+ Kd7 34.
Nxg7 Ke7 35. Ne5 Nd7 36. Nxf5+ gxf5 37. Nc6+ Kd6 38. Nxa7 Nb6 39. a5 Nc4 40.
Nb5+ Kc6 41. Na7+ Kb7 42. Nb5 Kc6 43. Nc3 Nxa5 44. Ne2 Nb3 45. g3 f3 46. Nf4
Nxd4 47. g4 fxg4 48. hxg4 Kd6 49. Kg3 Ke5 50. Nd3+ Ke4 51. Nc5+ Ke5 52. Nd3+
Kf6 53. Kf4 h6 54. Ne1 Ke6 55. Nd3 Kf6 56. Ne1 Ke6 57. Nd3 Kf6 1/2-1/2

[Event "2021 FIDE Online Olympiad"]
[Site "Chess.com"]
[Date "2021.08.27"]
[Round "3.1"]
[White "Jere, Daniel"]
[Black "Aagaard, Jacob"]
[Result "1-0"]
[WhiteElo "2397"]
[BlackElo "2502"]
[PlyCount "37"]
[EventDate "2021.08.27"]
[EventType "team"]
[EventRounds "9"]
[WhiteTeam "Zambia"]
[BlackTeam "Scotland"]
[WhiteTeamCountry "ZAM"]
[BlackTeamCountry "SCO"]

1. c4 e6 2. g3 d5 3. Bg2 c6 4. Nf3 Nf6 5. b3 a5 6. Nc3 d4 7. Na4 c5 8. O-O Nc6
9. e3 e5 10. exd4 e4 11. Ng5 Bg4 12. Qe1 Nxd4 13. Nxe4 Ne2+ 14. Kh1 Nxe4 15.
Bxe4 Qd4 16. f3 Qxa1 17. Qxe2 Be6 18. Nc3 Rd8 19. Bd5 1-0

[Event "2021 FIDE Online Olympiad"]
[Site "Chess.com"]
[Date "2021.08.27"]
[Round "3.2"]
[White "Greet, Andrew N"]
[Black "Munenga, Douglas D"]
[Result "1-0"]
[WhiteElo "2434"]
[BlackElo "2009"]
[PlyCount "61"]
[EventDate "2021.08.27"]
[EventType "team"]
[EventRounds "9"]
[WhiteTeam "Scotland"]
[BlackTeam "Zambia"]
[WhiteTeamCountry "SCO"]
[BlackTeamCountry "ZAM"]

1. e4 e6 2. d4 d5 3. e5 c5 4. c3 Nc6 5. Nf3 Bd7 6. Be2 Qb6 7. O-O h6 8. dxc5
Bxc5 9. b4 Be7 10. Be3 Qc7 11. Na3 a6 12. Qc1 g5 13. b5 Na5 14. Rb1 Bc5 15. c4
Bxe3 16. Qxe3 Ne7 17. Rfc1 Qd8 18. bxa6 bxa6 19. Nd4 O-O 20. h4 dxc4 21. Bf3
Nd5 22. Bxd5 exd5 23. Nac2 Qe7 24. Rb6 Rfe8 25. Qc3 Qc5 26. Rxh6 Rxe5 27. Nf3
d4 28. Ncxd4 g4 29. Nxe5 Qxe5 30. Re1 Qg7 31. Rh5 1-0

[Event "2021 FIDE Online Olympiad"]
[Site "Chess.com"]
[Date "2021.08.27"]
[Round "3.3"]
[White "Mwango, Lorita"]
[Black "Arakhamia-Grant, Ketevan"]
[Result "0-1"]
[WhiteElo "1874"]
[BlackElo "2282"]
[PlyCount "90"]
[EventDate "2021.08.27"]
[EventType "team"]
[EventRounds "9"]
[WhiteTeam "Zambia"]
[BlackTeam "Scotland"]
[WhiteTeamCountry "ZAM"]
[BlackTeamCountry "SCO"]

1. d4 Nf6 2. Nf3 g6 3. c4 Bg7 4. Nc3 O-O 5. e3 d5 6. Qb3 c6 7. Be2 dxc4 8. Bxc4
b5 9. Be2 a5 10. O-O a4 11. Qc2 Na6 12. a3 Be6 13. Bd2 Bb3 14. Qd3 Qb6 15. Rac1
Rfd8 16. Qb1 Rac8 17. h3 Nc7 18. Ne4 Nxe4 19. Qxe4 Nd5 20. Rc5 Qb7 21. Rfc1 Nf6
22. Qh4 Bd5 23. Ne5 Ne4 24. R5c2 Nxd2 25. Rxd2 Bb3 26. Nd3 Bc4 27. Nc5 Qa7 28.
Bxc4 bxc4 29. Rxc4 e5 30. Rxa4 Qb6 31. Rb4 Qc7 32. Qg3 exd4 33. Qxc7 Rxc7 34.
exd4 Re7 35. f3 h5 36. Rc4 Bh6 37. Rd1 Re2 38. b4 Be3+ 39. Kh1 Ra2 40. Rc3 Bf4
41. Rcd3 h4 42. Ne4 Kg7 43. Rg1 Ra8 44. g3 Bc7 45. gxh4 Rh2# 0-1

[Event "2021 FIDE Online Olympiad"]
[Site "Chess.com"]
[Date "2021.08.27"]
[Round "3.4"]
[White "Roy, Ali"]
[Black "Simenda, Daisy"]
[Result "1-0"]
[WhiteElo "1879"]
[BlackElo "1502"]
[PlyCount "95"]
[EventDate "2021.08.27"]
[EventType "team"]
[EventRounds "9"]
[WhiteTeam "Scotland"]
[BlackTeam "Zambia"]
[WhiteTeamCountry "SCO"]
[BlackTeamCountry "ZAM"]

1. Nf3 d5 2. g3 c5 3. Bg2 Nc6 4. O-O Nf6 5. d3 e5 6. Nbd2 Bd6 7. e4 d4 8. Nc4
Bc7 9. a4 b6 10. Qe2 O-O 11. Nh4 Rb8 12. Nf5 Ne7 13. Nxe7+ Qxe7 14. f4 exf4 15.
gxf4 Nd7 16. Bd2 f6 17. Rae1 Re8 18. c3 Nf8 19. cxd4 cxd4 20. Qh5 Be6 21. Rc1
Qd7 22. f5 Bf7 23. Qg4 Kh8 24. Bf4 Bxf4 25. Qxf4 Bxc4 26. Rxc4 b5 27. Rc7 Qd8
28. Qg3 Nd7 29. a5 a6 30. Rfc1 Rg8 31. Qd6 Ne5 32. Qxd8 Rgxd8 33. Bf1 h6 34.
Kf2 Ng4+ 35. Kg3 Ne3 36. Be2 b4 37. b3 Rb5 38. Bh5 Rbb8 39. R7c6 Kg8 40. Rxa6
Rbc8 41. Rac6 Rxc6 42. Rxc6 Kf8 43. Rc7 Ra8 44. Rf7+ Kg8 45. Rb7 Nc2 46. a6 Kh7
47. Bg6+ Kh8 48. a7 1-0

[Event "2021 FIDE Online Olympiad"]
[Site "Chess.com"]
[Date "2021.08.27"]
[Round "3.5"]
[White "Mumba, Samuel"]
[Black "Gordon, Frederick"]
[Result "0-1"]
[WhiteElo "1947"]
[BlackElo "1415"]
[PlyCount "120"]
[EventDate "2021.08.27"]
[EventType "team"]
[EventRounds "9"]
[WhiteTeam "Zambia"]
[BlackTeam "Scotland"]
[WhiteTeamCountry "ZAM"]
[BlackTeamCountry "SCO"]

1. e4 c5 2. Nf3 g6 3. d4 cxd4 4. Nxd4 Nc6 5. Nc3 Bg7 6. Be3 Nf6 7. Bc4 O-O 8.
Bb3 d6 9. f3 Bd7 10. Qd2 Nxd4 11. Bxd4 b5 12. O-O a5 13. a4 b4 14. Nd5 Nxd5 15.
Bxg7 Kxg7 16. exd5 Qb6+ 17. Qf2 Qxf2+ 18. Kxf2 Rac8 19. Rfe1 Kf6 20. Re2 Rc7
21. Rae1 Bc8 22. h4 h5 23. Ke3 Ba6 24. Rd2 Bc4 25. Kd4 Bxb3 26. cxb3 Rfc8 27.
g4 e5+ 28. dxe6 fxe6 29. Ke4 Rc5 30. Red1 d5+ 31. Kf4 e5+ 32. Ke3 d4+ 33. Ke4
Rc2 34. g5+ Ke6 35. f4 Rxd2 36. Rxd2 exf4 37. Rxd4 Rc2 38. Kxf4 Rf2+ 39. Kg3
Rxb2 40. Rd3 Rc2 41. Kf4 Rf2+ 42. Kg3 Rf1 43. Kg2 Rf4 44. Kg3 Rg4+ 45. Kh3 Ke5
46. Re3+ Re4 47. Rf3 Kd5 48. Rf6 Re6 49. Rxe6 Kxe6 50. Kg3 Kd5 51. Kf4 Kd4 52.
Kf3 Kc3 53. Ke4 Kxb3 54. Ke5 Kxa4 55. Kf6 b3 56. Kxg6 b2 57. Kxh5 b1=Q 58. g6
Qg1 59. Kh6 Qg4 60. h5 Kb5 0-1

[Event "2021 FIDE Online Olympiad"]
[Site "Chess.com"]
[Date "2021.08.27"]
[Round "3.6"]
[White "Feng, Jennifer"]
[Black "Simwaka, Walusungu Nozyani"]
[Result "0-1"]
[WhiteElo "1097"]
[BlackElo "1329"]
[PlyCount "50"]
[EventDate "2021.08.27"]
[EventType "team"]
[EventRounds "9"]
[WhiteTeam "Scotland"]
[BlackTeam "Zambia"]
[WhiteTeamCountry "SCO"]
[BlackTeamCountry "ZAM"]

1. e4 e5 2. Nf3 f5 3. Nc3 fxe4 4. Nxe4 Nf6 5. Qe2 Qe7 6. d3 d5 7. Ng3 Nc6 8.
Bd2 e4 9. dxe4 Nxe4 10. Ng5 Nd4 11. Qd3 Nc5+ 12. Qe3 Nxc2+ 13. Kd1 Nxe3+ 14.
Bxe3 d4 15. Bf4 d3 16. Nf3 Bg4 17. Be3 O-O-O 18. Rc1 Na4 19. Rb1 Qb4 20. Bd2
Qc4 21. Bc3 Bb4 22. Kd2 Bxc3+ 23. Kd1 Bb4 24. Bxd3 Qxd3+ 25. Kc1 Qc4# 0-1

[Event "2021 FIDE Online Olympiad"]
[Site "Chess.com"]
[Date "2021.08.28"]
[Round "4.1"]
[White "Aagaard, Jacob"]
[Black "Oatlhotse, Providence"]
[Result "1-0"]
[WhiteElo "2502"]
[BlackElo "2182"]
[PlyCount "91"]
[EventDate "2021.08.27"]
[EventType "team"]
[EventRounds "9"]
[WhiteTeam "Scotland"]
[BlackTeam "Botswana"]
[WhiteTeamCountry "SCO"]
[BlackTeamCountry "BOT"]

1. d4 g6 2. e4 Bg7 3. Bc4 e6 4. Bb3 d6 5. Nf3 Nd7 6. O-O Ne7 7. Re1 O-O 8. Nbd2
b6 9. Nf1 Bb7 10. c3 h6 11. Ng3 c5 12. h4 d5 13. e5 c4 14. Bc2 Nf5 15. Bxf5
exf5 16. h5 Re8 17. e6 Rxe6 18. Rxe6 fxe6 19. hxg6 Qf6 20. Qa4 Qe7 21. Bf4 Qe8
22. Re1 Nf6 23. Qxe8+ Rxe8 24. Ne5 Bf8 25. f3 b5 26. Kf2 a5 27. Rh1 b4 28. Bxh6
Bxh6 29. Rxh6 bxc3 30. bxc3 Kg7 31. Rh1 Rh8 32. Rb1 Bc8 33. Ne2 Nd7 34. Nxd7
Bxd7 35. Rb7 Rd8 36. Nf4 Kf6 37. g7 Bc8 38. Rb8 Rg8 39. Nh5+ Kg6 40. g4 fxg4
41. fxg4 e5 42. dxe5 Kg5 43. Nf6 Rxg7 44. Rxc8 Re7 45. Rg8+ Kf4 46. Nxd5+ 1-0

[Event "2021 FIDE Online Olympiad"]
[Site "Chess.com"]
[Date "2021.08.28"]
[Round "4.2"]
[White "Rongwane, Gomolemo"]
[Black "Greet, Andrew N"]
[Result "0-1"]
[WhiteElo "2085"]
[BlackElo "2434"]
[PlyCount "78"]
[EventDate "2021.08.27"]
[EventType "team"]
[EventRounds "9"]
[WhiteTeam "Botswana"]
[BlackTeam "Scotland"]
[WhiteTeamCountry "BOT"]
[BlackTeamCountry "SCO"]

1. d4 e6 2. Nf3 f5 3. g3 Nf6 4. Bg2 d5 5. O-O Be7 6. c4 Ne4 7. Qc2 Nc6 8. a3 a5
9. Rd1 Bf6 10. Nc3 O-O 11. Bf4 g5 12. Be5 g4 13. Bxf6 Qxf6 14. Ne5 Nxd4 15.
Rxd4 Qxe5 16. e3 c6 17. Ne2 b6 18. cxd5 cxd5 19. Qc6 Rb8 20. Nf4 Nc5 21. Nd3
Nxd3 22. Rxd3 Ba6 23. Rd2 Rfc8 24. Qa4 Rc7 25. Bf1 Bxf1 26. Kxf1 Qe4 27. Qxe4
fxe4 28. Ke2 Rbc8 29. Rh1 Rc1 30. Rhd1 Kf7 31. Rxc1 Rxc1 32. Rd1 Rxd1 33. Kxd1
Ke7 34. Kd2 Kd6 35. Kc3 Kc5 36. b4+ axb4+ 37. axb4+ Kb5 38. Kb3 e5 39. Kc3 Ka4
0-1

[Event "2021 FIDE Online Olympiad"]
[Site "Chess.com"]
[Date "2021.08.28"]
[Round "4.3"]
[White "Arakhamia-Grant, Ketevan"]
[Black "Gabatshwarwe, Refilwe"]
[Result "1-0"]
[WhiteElo "2282"]
[BlackElo "1667"]
[PlyCount "95"]
[EventDate "2021.08.27"]
[EventType "team"]
[EventRounds "9"]
[WhiteTeam "Scotland"]
[BlackTeam "Botswana"]
[WhiteTeamCountry "SCO"]
[BlackTeamCountry "BOT"]

1. e4 e5 2. Nf3 Nc6 3. Bb5 a6 4. Ba4 Nf6 5. O-O Be7 6. Re1 b5 7. Bb3 d6 8. c3
Na5 9. Bc2 c5 10. h3 O-O 11. d4 Qc7 12. d5 c4 13. b4 cxb3 14. axb3 Bd7 15. Ba3
Rfe8 16. Nxe5 Nb7 17. Nf3 Bf8 18. Bb2 Nc5 19. Nbd2 g6 20. c4 Bg7 21. b4 Nb7 22.
e5 Nh5 23. exd6 Qxd6 24. Bxg7 Nxg7 25. c5 Rxe1+ 26. Qxe1 Qxd5 27. Be4 Qh5 28.
Bxb7 Re8 29. Qf1 Re6 30. Rxa6 Rxa6 31. Bxa6 g5 32. Bxb5 Be6 33. Ne4 Qg6 34.
Nexg5 h6 35. Nxe6 Nxe6 36. Qd3 Qf6 37. Qe4 h5 38. Bd3 Kf8 39. c6 Nc7 40. b5 Ne8
41. b6 Nd6 42. Qe5 Qh6 43. c7 Qc1+ 44. Kh2 Qh6 45. Qd4 Nb7 46. g3 Qc6 47. Be4
Qe6 48. Bxb7 1-0

[Event "2021 FIDE Online Olympiad"]
[Site "Chess.com"]
[Date "2021.08.28"]
[Round "4.4"]
[White "Francis, Onkemetse"]
[Black "Roy, Ali"]
[Result "0-1"]
[WhiteElo "1726"]
[BlackElo "1879"]
[PlyCount "68"]
[EventDate "2021.08.27"]
[EventType "team"]
[EventRounds "9"]
[WhiteTeam "Botswana"]
[BlackTeam "Scotland"]
[WhiteTeamCountry "BOT"]
[BlackTeamCountry "SCO"]

1. e4 e6 2. d4 d5 3. e5 c5 4. c3 Nc6 5. Nf3 Nge7 6. Bd3 cxd4 7. cxd4 Nf5 8.
Bxf5 exf5 9. O-O Be7 10. Nc3 O-O 11. Qb3 Be6 12. Qxb7 Na5 13. Qa6 Nc4 14. b3
Nb6 15. Qe2 Qd7 16. Bb2 Rac8 17. Rac1 Rfe8 18. Nb1 f6 19. Rfd1 g5 20. h3 g4 21.
hxg4 fxg4 22. Ne1 f5 23. Nd3 Bg5 24. Rxc8 Rxc8 25. Nc5 Qf7 26. Bc1 f4 27. Nxe6
Qxe6 28. Qd3 Nd7 29. Nc3 Rf8 30. Nb5 Qh6 31. f3 g3 32. Kf1 Qh1+ 33. Ke2 Qxg2+
34. Ke1 Qf2# 0-1

[Event "2021 FIDE Online Olympiad"]
[Site "Chess.com"]
[Date "2021.08.28"]
[Round "4.5"]
[White "Sanger, Jake M"]
[Black "Selogelo, Othata"]
[Result "1-0"]
[WhiteElo "1640"]
[BlackElo "1707"]
[PlyCount "113"]
[EventDate "2021.08.27"]
[EventType "team"]
[EventRounds "9"]
[WhiteTeam "Scotland"]
[BlackTeam "Botswana"]
[WhiteTeamCountry "SCO"]
[BlackTeamCountry "BOT"]

1. d4 Nf6 2. c4 g6 3. Nc3 Bg7 4. e4 d6 5. Nf3 O-O 6. Be2 e5 7. O-O Nc6 8. d5
Ne7 9. Ne1 Nd7 10. Be3 f5 11. f3 f4 12. Bf2 Rf7 13. Nd3 b6 14. b4 g5 15. c5 Bf8
16. a4 Rg7 17. a5 bxc5 18. bxc5 Nf6 19. cxd6 cxd6 20. Nb5 Qd7 21. Nxd6 Qxd6 22.
Bc5 Qd8 23. Nxe5 Ng6 24. Bd4 Nxe5 25. Bxe5 Bd6 26. Bd4 Qe7 27. Rc1 g4 28. fxg4
Rg6 29. Bf3 Nxg4 30. Rxc8+ Rxc8 31. Bxg4 Rc4 32. Bf2 Qg5 33. Bf3 Qd8 34. Qd3
Qc7 35. Kh1 Rc3 36. Qe2 Rc1 37. h3 Rxf1+ 38. Qxf1 Qxa5 39. Qc4 Qc7 40. Qa4 Rf6
41. Qe8+ Bf8 42. Bd4 Rf7 43. Bg4 Re7 44. Be6+ Rxe6 45. Qxe6+ Qf7 46. Qxf7+ Kxf7
47. Bxa7 Bd6 48. Kg1 Kf6 49. Bd4+ Kg5 50. Kf2 h5 51. Kf3 h4 52. e5 Be7 53. Ke4
Kg6 54. Bb6 Kf7 55. Kxf4 Kg6 56. d6 Bg5+ 57. Kg4 1-0

[Event "2021 FIDE Online Olympiad"]
[Site "Chess.com"]
[Date "2021.08.28"]
[Round "4.6"]
[White "Marape, Naledi"]
[Black "Tandon, Ashley"]
[Result "1/2-1/2"]
[WhiteElo "1629"]
[BlackElo "1000"]
[PlyCount "119"]
[EventDate "2021.08.27"]
[EventType "team"]
[EventRounds "9"]
[WhiteTeam "Botswana"]
[BlackTeam "Scotland"]
[WhiteTeamCountry "BOT"]
[BlackTeamCountry "SCO"]

1. e4 c6 2. d4 d5 3. exd5 cxd5 4. Nf3 Nc6 5. Bd3 Bg4 6. c3 e6 7. O-O Bd6 8. h3
Bxf3 9. Qxf3 h6 10. Re1 Nf6 11. Bf4 O-O 12. Nd2 Qc7 13. Bxh6 Qe7 14. Bg5 Rac8
15. Bxf6 Qxf6 16. Qxf6 gxf6 17. Nf3 e5 18. Bb5 e4 19. Bxc6 bxc6 20. Nh4 a5 21.
b3 Rfd8 22. Nf5 c5 23. Nxd6 Rxd6 24. Rac1 Rdc6 25. dxc5 Rxc5 26. Red1 f5 27.
Kf1 d4 28. Rxd4 Rxc3 29. Rxc3 Rxc3 30. Ra4 Rc5 31. Ke2 Kf8 32. Ke3 Ke7 33. Kd4
Kd6 34. a3 Rc2 35. Ke3 Rc5 36. h4 Ke5 37. g3 Rc3+ 38. Kd2 Rxb3 39. Rxa5+ Kf6
40. a4 Rb2+ 41. Ke3 Rb3+ 42. Kd4 Rf3 43. Ra6+ Kg7 44. a5 Rxf2 45. Rc6 Rg2 46.
Rc3 Ra2 47. Rc5 Rg2 48. a6 Rxg3 49. Ra5 Rd3+ 50. Kc4 Rd8 51. a7 Ra8 52. Kd4 Kg6
53. Ke3 Kf6 54. Kf4 Kg6 55. h5+ Kxh5 56. Rxf5+ Kg6 57. Ra5 f5 58. Ra6+ Kf7 59.
Kxf5 e3 60. Re6 1/2-1/2

[Event "2021 FIDE Online Olympiad"]
[Site "Chess.com"]
[Date "2021.08.28"]
[Round "5.1"]
[White "Garcia, Jason"]
[Black "Greet, Andrew N"]
[Result "0-1"]
[WhiteElo "2067"]
[BlackElo "2434"]
[PlyCount "58"]
[EventDate "2021.08.27"]
[EventType "team"]
[EventRounds "9"]
[WhiteTeam "Wales"]
[BlackTeam "Scotland"]
[WhiteTeamCountry "WLS"]
[BlackTeamCountry "SCO"]

1. Nf3 d5 2. c4 d4 3. b4 g5 4. h3 Bg7 5. d3 h6 6. g3 e5 7. Nbd2 Ne7 8. Bg2 Nd7
9. Ba3 c6 10. Ne4 Nb8 11. O-O f5 12. Nc5 b6 13. Nb3 Nd7 14. b5 c5 15. Nfxd4
exd4 16. Bxa8 Qc7 17. Bc1 f4 18. g4 h5 19. f3 Ne5 20. Kg2 hxg4 21. fxg4 Nxg4
22. hxg4 f3+ 23. Kf2 Rh2+ 24. Ke1 Qg3+ 25. Kd2 fxe2 26. Qxe2 Rxe2+ 27. Kxe2
Bxg4+ 28. Bf3 Qg2+ 29. Ke1 Bxf3 0-1